[Event "SLO-chT2 Ost"]
[Site "Slovenia"]
[Date "2010.09.25"]
[Round "6"]
[White "Varga, Karel"]
[Black "Sibanc, Bogo"]
[Result "0-1"]
[WhiteElo "1801"]
[BlackElo "1884"]
[PlyCount "106"]
[EventDate "2010.05.29"]
[EventType "team-tourn"]
[EventRounds "9"]
[EventCountry "SLO"]
[SourceTitle "EXT 2022"]
[Source "ChessBase"]
[SourceDate "2021.10.06"]
[SourceVersion "1"]
[SourceVersionDate "2021.10.06"]
[SourceQuality "1"]

1. e4 d6 2. d4 g6 3. Nc3 Bg7 4. Bc4 e6 5. Nf3 Ne7 6. Be3 c6 7. 0-0 0-0 8. Ne2 d5 9. exd5 exd5 10. Bb3 Nd7 11. c3 Nf5 12. Bf4 Nf6 13. Ng3 Nd6 14. Qd2 Nfe4 15. Nxe4 Nxe4 16. Qc1 b5 17. Ne5 Bb7 18. Re1 Nd6 19. Bh6 Nf5 20. Bxg7 Kxg7 21. Bc2 f6 22. Ng4 h5 23. Bxf5 hxg4 24. Bxg4 f5 25. Bh3 Qf6 26. Qf4 Rae8 27. Re5 Rxe5 28. Qxe5 Qxe5 29. dxe5 Kf7 30. f4 Rh8 31. Re1 Bc8 32. Re3 Rh4 33. Rf3 Bb7 34. Kf2 c5 35. Kg3 Rh8 36. Rd3 Ke6 37. b3 Ba6 38. Kf2 Rd8 39. g4 d4 40. g5 Bb7 41. Bg2 Be4 42. Bxe4 fxe4 43. Rd1 Kf5 44. Ke2 Kxf4 45. e6 d3+ 46. Ke1 Re8 47. Kd2 Rxe6 48. Rf1+ Kxg5 49. Ke3 Re5 50. Rf2 a5 51. a3 Re7 52. Rg2+ Kf5 53. h4 Rd7 0-1